[Event "Mecklenburg VP LL 0607"]
[Site "Mecklenburg VP"]
[Date "2006.10.15"]
[Round "1.1"]
[White "Schumacher, Dirk"]
[Black "Woller, Roland"]
[Result "1-0"]
[WhiteElo "2035"]
[BlackElo "2073"]
[PlyCount "129"]
[EventDate "2006.10.15"]
[EventType "team"]
[EventRounds "9"]
[EventCountry "GER"]
[SourceTitle "EXT 2008"]
[Source "ChessBase"]
[SourceDate "2007.11.25"]
[SourceVersion "1"]
[SourceVersionDate "2007.11.25"]
[SourceQuality "1"]
[WhiteTeam "Warnemuende SF Ostsee"]
[BlackTeam "Neubrandenburg SG Eintracht"]
[WhiteTeamCountry "GER"]
[BlackTeamCountry "GER"]

1. e4 c5 2. Nf3 d6 3. d4 cxd4 4. Qxd4 a6 5. Bg5 Nc6 6. Qd2 Nf6 7. Nc3 e6 8. Be2 Be7 9. Rd1 Qc7 10. 0-0 0-0 11. Nd4 Rd8 12. Kh1 Bd7 13. Nb3 b5 14. Bxf6 gxf6 15. Qh6 Kh8 16. Bh5 Ne5 17. f4 Ng6 18. Bxg6 fxg6 19. f5 gxf5 20. exf5 Rg8 21. fxe6 Qc6 22. Rf3 Bxe6 23. Nd4 Qd7 24. Nxe6 Qxe6 25. Nd5 Qe2 26. Rg1 Rg6 27. Qe3 Qxe3 28. Rxe3 Bf8 29. Rf1 Rc8 30. c3 Rc5 31. Nxf6 Re5 32. Rxe5 dxe5 33. Nd7 Bg7 34. g3 Rd6 35. Nc5 Rd2 36. Nxa6 Rxb2 37. Rd1 Kg8 38. Nc7 e4 39. Rd8+ Kf7 40. Rd7+ Kg6 41. Nd5 Bh6 42. Rd6+ Kg7 43. Re6 Rd2 44. Re5 Kf7 45. Nf4 Bxf4 46. gxf4 Rxa2 47. Rxb5 e3 48. Re5 e2 49. Kg1 Rc2 50. Kf2 e1Q+ 51. Kxe1 Rxh2 52. Re2 Rh3 53. Kd2 Rf3 54. c4 Rxf4 55. Kc3 Rf6 56. Kb4 Re6 57. Rh2 h6 58. Kb5 Ke7 59. c5 Kd7 60. Ra2 Rc6 61. Rg2 Re6 62. c6+ Kc8 63. Kb6 Re8 64. Ra2 Kb8 65. c7+ 1-0